វិធីសាស្រ្តការអភិវឌ្ឍន៍ និងបរិស្ថានសាស្រ្តរបស់គ្រាប់ពូជ (Record no. 9552)

000 -LEADER
fixed length control field 00365nam a22001217a 4500
040 ## - CATALOGING SOURCE
Transcribing agency SY
082 ## - DEWEY DECIMAL CLASSIFICATION NUMBER
Classification number 62
100 ## - MAIN ENTRY--AUTHOR NAME
Personal name DANIDA
245 ## - TITLE STATEMENT
Title វិធីសាស្រ្តការអភិវឌ្ឍន៍ និងបរិស្ថានសាស្រ្តរបស់គ្រាប់ពូជ
260 ## - PUBLICATION, DISTRIBUTION, ETC. (IMPRINT)
Place of publication RUA
Name of publisher DAN
Year of publication 2002
300 ## - PHYSICAL DESCRIPTION
Number of Pages 29p.
942 ## - ADDED ENTRY ELEMENTS (KOHA)
Koha item type សៀវភៅភាសាខ្មែរ
952 ## - LOCATION AND ITEM INFORMATION (KOHA)
Withdrawn status [LOCAL, KOHA] 0
Holdings
Koha item type Barcode Lost status Permanent Location Current Location Date acquired Full call number
សៀវភៅភាសាខ្មែរRUA043195 Library Block CLibrary Block C2016-09-0562 DAN 2002 C002
មជ្ឈមណ្ឌលឯការនៃសាកលវិទ្យាល័យភូមិន្ទកសិកម្មចំការដូង

Powered by Koha